ROBINS & COTRAN PATHOLOGIC BASIC OF DISEASE (Record no. 14145)

MARC details
000 -LEADER
fixed length control field 00323nam a22001457a 4500
003 - CONTROL NUMBER IDENTIFIER
control field SGT
082 ## - DEWEY DECIMAL CLASSIFICATION NUMBER
Classification number 616.07
Item number R17V
100 ## - MAIN ENTRY--PERSONAL NAME
Personal name VINAY, KUMAR
245 ## - TITLE STATEMENT
Title ROBINS & COTRAN PATHOLOGIC BASIC OF DISEASE
250 ## - EDITION STATEMENT
Edition statement 9TH
260 ## - PUBLICATION, DISTRIBUTION, ETC. (IMPRINT)
Place of publication, distribution, etc INDIA
Name of publisher, distributor, etc ELSEVIER
Year of Publication 2017
300 ## - PAGE DESCRIPTION
No. of Pages 1391
650 ## - SUBJECT ADDED ENTRY--TOPICAL TERM
Topical term or geographic name as entry element PATHOLOGY
942 ## - ADDED ENTRY ELEMENTS (KOHA)
Source of classification or shelving scheme Dewey Decimal Classification
Koha item type Books
942 ## - ADDED ENTRY ELEMENTS (KOHA)
-- 76
Holdings
Withdrawn status Lost status Source of classification or shelving scheme Damaged status Not for loan Collection code Home library Current library Shelving location Date acquired Vendor Name Cost, normal purchase price Volume Information (Serial or Books or Non-Book Material) SGTU Bill Number Total Checkouts Full call number Accession No. (Barcode) Date last seen Date last borrowed Bill Date Koha item type
    Dewey Decimal Classification     MEDICAL SGT Medical Library SGT Medical Library Text Book 22/12/2017 ABC DELHI 2595.00 VOL-1 SGTU 8923 47 616.07 R17V FM10301 13/01/2026 24/12/2025   Books
    Dewey Decimal Classification     MEDICAL SGT Medical Library SGT Medical Library Text Book 22/12/2017 ABC DELHI 2595.00 VOL-1 SGTU 8923 46 616.07 R17V FM10302 08/01/2024 03/01/2024   Books
    Dewey Decimal Classification     MEDICAL SGT Medical Library SGT Medical Library Text Book 22/12/2017 ABC DELHI 2595.00 VOL-1 SGTU 8923 38 616.07 R17V FM10303 20/09/2021 28/08/2021   Books
    Dewey Decimal Classification     MEDICAL SGT Medical Library SGT Medical Library Text Book 22/12/2017 ABC DELHI 2595.00 VOL-1 SGTU 8923 44 616.07 R17V FM10304 12/05/2025 12/05/2025   Books
    Dewey Decimal Classification     MEDICAL SGT Medical Library SGT Medical Library Text Book 22/12/2017 ABC DELHI 2595.00 VOL-1 SGTU 8923 34 616.07 R17V FM10305 27/02/2026 14/02/2026   Books
    Dewey Decimal Classification     MEDICAL SGT Medical Library SGT Medical Library Text Book 22/12/2017 ABC DELHI 0.00 VOL-2 SGTU 8923 21 616.07 R17V FM10306 27/11/2025 17/11/2025   Books
    Dewey Decimal Classification     MEDICAL SGT Medical Library SGT Medical Library Text Book 22/12/2017 ABC DELHI 0.00 VOL-2 SGTU 8923 1 616.07 R17V FM10307 30/10/2019 15/10/2019   Books
    Dewey Decimal Classification     MEDICAL SGT Medical Library SGT Medical Library Text Book 22/12/2017 ABC DELHI 0.00 VOL-2 SGTU 8923 10 616.07 R17V FM10308 22/07/2021 22/07/2021   Books
    Dewey Decimal Classification     MEDICAL SGT Medical Library SGT Medical Library Text Book 22/12/2017 ABC DELHI 0.00 VOL-2 SGTU 8923 1 616.07 R17V FM10309 08/11/2024 08/11/2024   Books
    Dewey Decimal Classification     MEDICAL SGT Medical Library SGT Medical Library Text Book 22/12/2017 ABC DELHI 0.00 VOL-2 SGTU 8923 5 616.07 R17V FM10310 02/08/2023 17/07/2023   Books